| 000 | 00524nam a2200193Ia 4500 | ||
|---|---|---|---|
| 005 | 20250508160643.0 | ||
| 008 | 008 250505s9999 xx 000 0 hin d | ||
| 037 | _aTextual | ||
| 040 |
_aFEDL _beng _cFEDL |
||
| 041 |
_ahin _2eng |
||
| 084 |
_a155.4, PAN _qFEDL |
||
| 100 |
_aPandey Jugdanand _9769033 |
||
| 245 | 0 | _aVikasatamak manovigyan | |
| 260 |
_aPatna, India _bAnupam Parkashan _c1970 |
||
| 300 | _a210p. | ||
| 650 | _aChild Psychology | ||
| 942 |
_cTEXL _h155.4, PAN |
||
| 999 |
_c1365859 _d1365859 |
||